| 000 | 00366nam a2200145Ia 4500 | ||
|---|---|---|---|
| 008 | 240624s9999 xx 000 0 und d | ||
| 041 | _aeng | ||
| 082 | _a658.8 PER | ||
| 100 | _aPERCY LARRY | ||
| 245 | _aSTRATEGIC INTEGRATED MARKETING COMMUNICA | ||
| 250 | _a(3rd ed.) | ||
| 260 |
_c2018 _aLondon _bRoutledge |
||
| 300 | _axiv, 305 p.; 23 cm. | ||
| 365 |
_cBPS _b35 |
||
| 999 |
_c31714 _d31714 |
||